Microcompurers and Applications
Na minha lista:
| Autor principal: | |
|---|---|
| Outros Autores: | |
| Formato: | Livro |
| Idioma: | inglês |
| Publicado em: |
Glenview
Scott, Foresman and Co.
1990
|
| Edição: | 2. ed. |
| Assuntos: | |
| Tags: |
Sem tags, seja o primeiro a adicionar uma tag!
|
MARC
| LEADER | 00000nam a2200000 4500 | ||
|---|---|---|---|
| 001 | c003999 | ||
| 005 | 20221206123017.6 | ||
| 020 | |a 0-673-46039-8 | ||
| 041 | 0 | |a eng | |
| 044 | |a US | ||
| 245 | 1 | 0 | |a Microcompurers and Applications |c John C. Day, Thomas H. Athey |
| 250 | |a 2. ed. | ||
| 264 | 1 | |a Glenview |b Scott, Foresman and Co. |c 1990 | |
| 300 | |a 309 s. | ||
| 610 | 2 | 0 | |a mikropočítače |
| 610 | 2 | 0 | |a využitie počítačov |
| 610 | 2 | 0 | |a hardvér |
| 610 | 2 | 0 | |a softvér |
| 100 | 1 | |a Day, John C. | |
| 700 | 1 | |a Athey, Thomas H. | |